German speaking Bundesländer/Kantons/Districts/Regions - Statistics

General Stats
  • This quiz has been taken 4 times
  • The average score is 28 of 53
Answer Stats
Hint Answer % Correct
Germany Berlin
100%
Germany Baden-Württemberg
75%
Germany Bayern
75%
Switzerland Bern
75%
Germany Brandenburg
75%
Germany Bremen
75%
Germany Hamburg
75%
Germany Hessen
75%
Austria Kärnten
75%
Austria Niederösterreich
75%
Germany Nordrhein-Westfalen
75%
Austria Oberösterreich
75%
Germany Rheinland-Pfalz
75%
Germany Saarland
75%
Germany Sachsen
75%
Germany Sachsen-Anhalt
75%
Germany Schleswig-Holstein
75%
Germany Thüringen
75%
Italy Trentino-Südtirol
75%
Austria Wien
75%
Switzerland Zürich
75%
Switzerland Aargau
50%
Switzerland Appenzell Innerrhoden
50%
Switzerland Basel-Landschaft
50%
Switzerland Basel-Stadt
50%
Austria Burgenland
50%
Switzerland Graubünden
50%
Luxembourg (previous districts) Luxembourg
50%
Switzerland Luzern
50%
Germany Mecklenburg-Vorpommern
50%
Germany Niedersachsen
50%
Austria Salzburg
50%
Switzerland Schwyz
50%
Austria Steiermark
50%
Switzerland St. Gallen
50%
Switzerland Thurgau
50%
Austria Tirol
50%
Switzerland Uri
50%
Austria Vorarlberg
50%
Switzerland Wallis
50%
Switzerland Zug
50%
Switzerland Appenzell Ausserrhoden
25%
Switzerland Freiburg
25%
Switzerland Glarus
25%
Switzerland Nidwalden
25%
Switzerland Obwalden
25%
Switzerland Schaffhausen
25%
Switzerland Solothurn
25%
Liechtenstein (region Oberland) Vaduz
25%
Luxemburg (previous districts) Diekirch
0%
Luxembourg (previous districts) Grevenmacher
0%
Liechtenstein (region Unterland) Schellenberg
0%
Belgium Wallonien
0%
No matching quizzes found
Score Distribution
Percent of People with Each Score
Percentile by Number Answered
Your Score History
You have not taken this quiz